| 000 | 03722cam a2200409 a 4500 | ||
|---|---|---|---|
| 001 | 15723963 | ||
| 003 | ARRUPE | ||
| 005 | 20131219172546.0 | ||
| 008 | 090504s2009 nyu b 001 0 eng | ||
| 010 | _a 2009017792 | ||
| 020 | _a9781603290371 (hardcover : alk. paper) | ||
| 020 | _a1603290370 (hardcover : alk. paper) | ||
| 020 | _a9781603290388 (pbk. : alk. paper) | ||
| 020 | _a1603290389 (pbk. : alk. paper) | ||
| 035 | _a(OCoLC)ocn320352470 | ||
| 040 |
_aDLC _cDLC _dYDX _dMNY _dBWX _dCDX _dDEBBG _dDLC |
||
| 043 | _af------ | ||
| 050 | 0 | 0 |
_aPR9340 _b.T269 2009 |
| 082 | 0 | 0 |
_a809.3/008996 _222 |
| 084 |
_aEP 20165 _2rvk |
||
| 084 |
_aHP 1265 _2rvk |
||
| 245 | 0 | 0 |
_aTeaching the African novel / _cedited by Gaurav Desai. |
| 260 |
_aNew York : _bModern Language Association of America, _c2009. |
||
| 300 |
_aix, 427 p. ; _c24 cm. |
||
| 490 | 1 |
_aModern Language Association of America options for teaching ; _v24 |
|
| 504 | _aIncludes bibliographical references and index. | ||
| 505 | 0 | _aIntroduction : teaching the African novel / Gaurav Desai -- Pt. I. Theories and methods -- African novels and the question of theory / Olakunle George -- Marxist approaches to the African novel / Nicholas Brown -- Why history matters in the African novel / Eleni Coundouriotis -- Political critique and resistance in African fiction / Tejumola Olaniyan -- Women writers and gender in the sub-Saharan novel / Odile Cazenave -- Translation and the African novel : reading as re/membering / Lisa McNee -- Pt. II. Regional imperatives, thematic categories -- Rethinking the Arab African novel : a case for thematization / Zahr Said Stauffer -- Approaches to teaching the Maghrebian novel : allegory at the crossroads / Jarrod Hayes -- The novel, historiography, and the griot epic in the Sahel / Christopher Wise -- Approaches to teaching Islam in the West African novel / Shirin Edwin -- Unveiling the African legacy in Spanish : novels from Equatorial Guinea / Dosinda GarcĂa-Alvite -- Teaching lusophone African fiction / Fernando Arenas -- The pleasures of the political : apartheid and postapartheid South African fiction / Louise Bethlehem -- Language, multiple worlds, and material culture in the teaching of African migrant fiction / Brenda Cooper -- East African fiction and globalization / Peter Kalliney -- Pt. III. Pedagogical and instructional contexts -- The African novel in a course on the twentieth-century novel in English / S. Shankar -- The francophone African novel in the French-language classroom / Mohamed Kamara -- Introducing African novels in a web-enhanced community college survey course / Cora Agatucci -- Between three African locations : teaching Chinua Achebe's 'Things fall apart' at the Universities of Ibadan, Zululand, and Cape Town / Harry Garuba -- The blank maps of difficult desires : sexuality and African literature in the classroom / Neville Hoad -- Confessions of a disinterested didact : teaching Nadine Gordimer's 'Burger's daughter' / R. Radhakrishnan -- Creating contested space through the "nervous conditions" of postcolonial theories / Kimberly Wedeven Segall -- Reading the popular : Onitsha Market romance and the practice of everyday life / Onookome Okome | |
| 650 | 0 |
_aAfrican fiction _xStudy and teaching. _96170 |
|
| 650 | 0 |
_aAfrican fiction (English) _xStudy and teaching. _96171 |
|
| 651 | 0 |
_aAfrica _xIn literature. _96172 |
|
| 655 | 7 |
_aAufsatzsammlung. _2swd _96173 |
|
| 700 | 1 |
_aDesai, Gaurav Gajanan. _4edt _96174 |
|
| 830 | 0 |
_aOptions for teaching ; _v24. _96175 |
|
| 906 |
_a7 _bcbc _corignew _d1 _eecip _f20 _gy-gencatlg |
||
| 942 |
_2lcc _cMONOGRAPH |
||
| 999 |
_c119412 _d119412 |
||